000 00748nam a2200229Ii 4500
003 JO-AjNU
008 230605s9999||||xx |||||||||||||| ||und||
017 _a2001/6/1127
020 _a9957-11-199-X
040 _aJO-AjNU
_bara
_erda
_cJO-AjNU
041 _aara
050 1 4 _aLB17O22 2008
100 3 _aنصرالله،عمر عبد الرحيم,
_eauthor
_926190
245 0 0 _aأساسيات في التربية العملية
250 _aط2
264 3 1 _aعمان:دار وائل للنشر والتوزيع،2008
300 _a398ص
336 _atext
_btxt
_2rdacontent
337 _aunmediated
_bn
_2rdamedia
338 _avolume
_bnc
_2rdacarrier
650 4 _aالتربية والتعليم-علم النفس التربوي
_926191
999 _aA9893
_c13461
_d13461